| 000 | 00396nam a22001457a 4500 | ||
|---|---|---|---|
| 003 | OSt | ||
| 008 | 200306b ||||| |||| 00| 0 eng d | ||
| 020 | _a9788121916974 | ||
| 082 |
_a658.8 _bRSM |
||
| 100 | _aR S N Pillai and Bagavathi | ||
| 245 | _aModern Marketing Principles and Practices, 4/e | ||
| 250 |
_a2nd Reprint _b2020 |
||
| 260 |
_aNew Delhi _bS. Chand Publishing _c2020 |
||
| 942 | 0 | 0 | _2ddc |
| 999 |
_c8518 _d8518 |
||